Catálogo

THE SOCIOLOGY OF MEDICINE : (Registro nro. 15453)

Detalles MARC
000 -LEADER
fixed length control field 00535nam a2200181 a 4500
001 - CONTROL NUMBER
control field 15453
005 - DATE AND TIME OF LATEST TRANSACTION
control field 20180713204128.0
008 - FIXED-LENGTH DATA ELEMENTS--GENERAL INFORMATION
fixed length control field 140415s1989 xxu 000 0 eng d
020 ## - INTERNATIONAL STANDARD BOOK NUMBER
International Standard Book Number 0138205078
041 ## - LANGUAGE CODE
Language code of text/sound track or separate title eng
082 ## - DEWEY DECIMAL CLASSIFICATION NUMBER
Classification number 362.1
Item number FOX
100 1# - MAIN ENTRY--PERSONAL NAME
Personal name FOX, RENEE C.
245 14 - TITLE STATEMENT
Title THE SOCIOLOGY OF MEDICINE :
Remainder of title A PARTICIPANT OBSERVERS VIEW
260 ## - PUBLICATION, DISTRIBUTION, ETC.
Place of publication, distribution, etc. ESTADOS UNIDOS DE AMERICA :
Name of publisher, distributor, etc. PRENTICE-HALL,
Date of publication, distribution, etc. 1989
300 ## - PHYSICAL DESCRIPTION
Extent 288
490 ## - SERIES STATEMENT
Series statement PRENTICE-HALL FOUNDATIONS OF MODERN SOCIOLOGY
650 14 - SUBJECT ADDED ENTRY--TOPICAL TERM
Topical term or geographic name entry element MEDICINA SOCIAL
Existencias
Withdrawn status Lost status Source of classification or shelving scheme Damaged status Not for loan Collection code Home library Current library Shelving location Date acquired Source of acquisition Inventory number Total Checkouts Full call number Barcode Date last seen Date last checked out Price effective from Koha item type
    Dewey Decimal Classification     General Biblioteca Karol Wojtyla Biblioteca Karol Wojtyla Sala general 03/12/2013 Compra 151000000000000000048098 1 362.1 FOX 33017 05/01/2026 02/10/2018 16/02/2016 Libro